[Event "Match"]
[Site "www.echecsemail.com"]
[Date "2016.03.20"]
[Round "1"]
[White "Umutkrc"]
[Black "Billyg"]
[WhiteElo "1699"]
[BlackElo "1630"]
[Result "1-0"]
[Round "1"]
1.e3 e5
2.d4 Nb8c6
3.d5 Nc6b4
4.e4 h6
5.c3 Nb4a6
6.a3 Ng8f6
7.Nb1d2 Na6c5
8.Nd2c4 Nf6xe4
9.Nc4xe5 d6
10.Ne5d3 Qd8f6
11.Bc1e3 Bc8f5
12.Nd3xc5 dxc5
13.g4 Bf5g6
14.Qd1a4 c6
15.dxc6 bxc6
16.Qa4c4 Qf6e7
17.f4 Ra8d8
18.f5 Bg6h7
19.Ng1f3 Ne4g3
20.Qc4xc5 Qe7xc5
21.Be3xc5 Ng3xh1
22.Bc5xf8 Rh8xf8
23.Bf1g2 Kd7
24.Ra1d1 Kc7
25.Rd1xd8 Rf8xd8
26.Bg2xh1 g6
27.Nf3d4 c5
28.Nd4b5 Kb6
29.c4 gxf5
30.gxf5 Bh7xf5
31.b4 cxb4
32.axb4 Bf5g4
33.Nb5c3 a5
34.Nc3d5 Ka6
35.b5 Ka7
36.c5 Bg4e6
37.b6 Kb8
38.Nd5c7 Be6c4
39.c6 a4
40.Nc7a8 Rd8d6
41.c7 Kc8
42.b7 { resign }
1-0

[Event "Match"]
[Site "www.echecsemail.com"]
[Date "2016.03.20"]
[Round "1"]
[White "Paco"]
[Black "Motimiller"]
[WhiteElo "1890"]
[BlackElo "1499"]
[Result "1-0"]
[Round "1"]
1.e4 e5
2.Ng1f3 Nb8c6
3.Bf1c4 Qd8f6
4.d3 h6
5.Nb1c3 Nc6b4
6.a3 Nb4c6
7.Nc3d5 Qf6d6
8.O-O Qd6g6
9.Nd5xc7 Kd8
10.Nc7xa8 b6
11.c3  { time }
1-0

[Event "Match"]
[Site "www.echecsemail.com"]
[Date "2016.03.20"]
[Round "1"]
[White "Daquata"]
[Black "Canario"]
[WhiteElo "1630"]
[BlackElo "1850"]
[Result "1-0"]
[Round "1"]
1.e4 e5
2.Ng1f3 Nb8c6
3.Bf1c4 h6
4.d4 Ng8f6
5.Nb1c3 Bf8b4
6.O-O Bb4xc3
7.bxc3 Nf6xe4
8.Qd1d3 d5
9.Bc4b5 O-O
10.Bb5xc6 bxc6
11.Nf3xe5 Qd8f6
12.f3 Ne4g5
13.Bc1xg5 Qf6xg5
14.Ne5xc6 Bc8h3
15.Rf1f2 Rf8e8
16.f4 Bh3f5
17.fxg5 Bf5xd3
18.cxd3 Re8e3
19.gxh6 Re3xd3
20.hxg7 Kxg7
21.Rf2xf7 Kxf7
22.Nc6e5 Ke6
23.Ne5xd3 Ra8f8
24.Ra1b1 Kd7
25.Rb1b7 a6
26.Rb7a7 Rf8f6
27.Nd3c5 Kc8
28.Ra7a8 { resign }
1-0

[Event "Match"]
[Site "www.echecsemail.com"]
[Date "2016.03.20"]
[Round "1"]
[White "Ztornad"]
[Black "Micheles"]
[WhiteElo "1730"]
[BlackElo "2490"]
[Result "0-1"]
[Round "1"]
1.e4 c6
2.b3 d5
3.e5 Bc8f5
4.d3 e6
5.Bc1b2 Ng8e7
6.g4 Bf5g6
7.Ng1f3 h5
8.Nf3g5 c5
9.c4 hxg4
10.Qd1xg4 Nb8c6
11.Nb1d2 Nc6b4
12.Qg4d1 Ne7c6
13.Bf1e2 Qd8xg5
14.Nd2f3 Qg5f5
15.Rh1g1 dxc4
16.bxc4 Ra8d8
17.Rg1g5 Nb4xd3
18.Be2xd3 Qf5xd3
19.Qd1xd3 Bg6xd3
20.Bb2c3 Bd3xc4
21.Nf3d2 Bc4d5
22.Nd2f1 g6
23.a4 Rh8h4
24.a5 Bf8h6
25.Rg5g3 Bh6f4
26.Rg3g1 Bd5f3
27.a6 b5
28.Rg1g3 Bf4xg3
29.fxg3 Rh4e4
30.Kf2 Rd8d3
31.Bc3e1 Re4e2
32.Kg1 Re2g2
33.Kh1 Rg2xg3
 { time }
0-1

[Event "Match"]
[Site "www.echecsemail.com"]
[Date "2016.03.20"]
[Round "1"]
[White "Caspito"]
[Black "Elogic"]
[WhiteElo "1730"]
[BlackElo "1860"]
[Result "1-0"]
[Round "1"]
1.e4 e5
2.Ng1f3 Ng8f6
3.Nf3xe5 Nf6xe4
4.Qd1e2 d5
5.d3 f6
6.Qe2h5 Ke7
7.dxe4 fxe5
8.Bc1g5 { resign }
1-0

[Event "Match"]
[Site "www.echecsemail.com"]
[Date "2016.03.20"]
[Round "1"]
[White "Crnighthawk"]
[Black "Mrgentleman"]
[WhiteElo "1499"]
[BlackElo "1219"]
[Result "1-0"]
[Round "1"]
1.g3 Ng8f6
2.Bf1g2 Nb8c6
3.Nb1c3 e6
4.a3 d5
5.Nc3b5 g6
6.Ng1f3 Bf8d6
7.g4 Nf6xg4
8.Rh1f1 e5
9.d3 O-O
10.Bg2h3 e4
11.Nf3h4 Ng4xh2
12.Rf1h1 Nh2g4
13.Bc1g5 Qd8xg5
14.Qd1c1 Qg5xh4
15.Bh3xg4 Qh4xg4
16.Qc1e3 Nc6e5
17.Nb5xc7 Bd6xc7
18.Qe3c5 Bc8e6
19.Kf1 Ne5d7
20.Qc5b5 exd3
21.cxd3 Be6f5
22.Qb5xd7 Bf5xd7
23.Rh1g1 Qg4h3
24.Rg1g2 Ra8e8
25.Kg1  { time }
1-0

[Event "Match"]
[Site "www.echecsemail.com"]
[Date "2016.03.20"]
[Round "1"]
[White "Watford"]
[Black "Umutkrc"]
[WhiteElo "1690"]
[BlackElo "1699"]
[Result "0-1"]
[Round "1"]
1.d4 e6
2.c4 c5
3.Ng1f3 cxd4
4.Nf3xd4 Bf8c5
5.Nb1c3 Qd8f6
6.e3 Bc5xd4
7.exd4 Ng8e7
8.Bf1e2 Ne7f5
9.Bc1e3 { time. }
0-1

[Event "Match"]
[Site "www.echecsemail.com"]
[Date "2016.03.20"]
[Round "1"]
[White "Wagner"]
[Black "Elogic"]
[WhiteElo "1750"]
[BlackElo "2059"]
[Result "1-0"]
[Round "1"]
1.Ng1f3 d5
2.d4 b6
3.b4 Bc8b7
4.e3 e6
5.c3 Bf8d6
6.Nb1a3 a6
7.g3 Ng8f6
8.Bf1d3 b5
9.h3 Nb8d7
10.g4 h6
11.Nf3d2 g5
12.Nd2f3 Nd7b6
13.h4 Rh8g8
14.hxg5 hxg5
15.Nf3d2 Nb6a4
16.Qd1c2 Nf6xg4
17.Nd2f3 Na4b6
18.Rh1g1 f5
19.Rg1h1 Qd8f6
20.Qc2e2 f4
21.exf4 Bd6xf4
22.Bc1xf4 gxf4
23.O-O-O O-O-O
24.Bd3c2 Rd8d6
25.Rh1h4 Kb8
26.Rd1h1 c6
27.Nf3e5 f3
28.Qe2d2 Qf6g5
29.Qd2xg5 Rg8xg5
30.Rh4h8 Ka7
31.Ne5f7 Ng4xf2
32.Rh1f1 Nf2e4
33.Bc2xe4 dxe4
34.Nf7xg5 Nb6a4
35.Ng5xe4 Rd6d7
36.Rf1xf3 Rd7d5
37.Na3c2 e5
38.Rf3f5 exd4
39.Rf5xd5 cxd5
40.Ne4d6 Na4xc3
41.Rh8h7 Kb6
42.Nc2xd4 Nc3xa2
43.Kb2 Na2xb4
44.Rh7xb7 Kc5
45.Kb3 a5
46.Nd6xb5 Nb4d3
47.Ka4 { resign }
1-0

[Event "Match"]
[Site "www.echecsemail.com"]
[Date "2016.03.20"]
[Round "1"]
[White "Elogic"]
[Black "Fred"]
[WhiteElo "2150"]
[BlackElo "2070"]
[Result "0-1"]
[Round "1"]
1.e3 e5
2.f4 e4
3.d3 Ng8f6
4.g4 h6
5.g5 hxg5
6.fxg5 Nf6h5
7.dxe4 Qd8xg5
8.h4 Qg5g3
9.Kd2 Bf8b4
10.c3 Bb4c5
11.Ng1f3 Qg3d6
12.Nf3d4 Nh5g3
13.Rh1h3 Ng3xe4
14.Ke1 Nb8c6
15.b4 Bc5b6
16.Bf1g2 Ne4g5
17.hxg5 Rh8xh3
18.Bg2xh3 Qd6g3
19.Kd2 Qg3xh3
20.Qd1e2 d6
21.Nd4f3 Bc8g4
22.b5 Nc6e5
23.Nf3g1 Bb6xe3
24.Qe2xe3 Qh3g2
25.Ke1 O-O-O
26.Bc1d2 b6
27.Ng1e2 Ne5f3
28.Kd1 Qg2f1
29.Kc2 Nf3xd2
30.Kxd2 Qf1f5
31.Ne2d4 Qf5d5
32.c4 Qd5xc4
33.Nd4c6 Qc4d5
34.Qe3d3 Qd5xg5
35.Ke1 Rd8e8
36.Kf1 Qg5f4
37.Kg1 Qf4c1
38.Kg2 Re8e2
39.Kg3 Re2e3
{ resign }
0-1

[Event "Fast Game"]
[Site "www.echecsemail.com"]
[Date "2016.03.20"]
[Round "1"]
[White "Genius3"]
[Black "Cal"]
[WhiteElo "1680"]
[BlackElo "1550"]
[Result "0-1"]
[Round "1"]
1.e4 e5
2.Ng1f3 d6
3.d4 exd4
4.Qd1xd4 h6
5.c4 Ng8f6
6.Nb1c3 Nb8c6
7.Qd4d1 Bc8g4
8.Bf1e2 Bf8e7
9.O-O Bg4xf3
10.Be2xf3 O-O
11.b3 Nc6e5
12.Bf3e2 a6
13.Bc1b2 c6
14.f4 { time. }
0-1

[Event "Tourn. n8689"]
[Site "www.chess-mail.com"]
[Date "2016.03.21"]
[Round "1"]
[White "Guidom"]
[Black "Faerieking"]
[WhiteElo "2020"]
[BlackElo "2200"]
[Result "1-0"]
[Round "1"]
1.e4 e5
2.Ng1f3 Nb8c6
3.Bf1b5 Ng8f6
4.d3 d6
5.O-O Bf8e7
6.Bc1g5 O-O
7.Nb1d2 Bc8g4
8.c3 d5
9.h3 Bg4h5
10.Rf1e1 h6
11.Bg5h4 g5
12.Bh4g3 dxe4
13.dxe4 Qd8d6
14.Bb5xc6 Qd6xc6
15.Nf3xe5 Qc6b5
16.Qd1b3 { resign }
1-0

[Event "Tourn. n8661"]
[Site "www.chess-mail.com"]
[Date "2016.03.21"]
[Round "1"]
[White "Ffdd65"]
[Black "Osopanda"]
[WhiteElo "2220"]
[BlackElo "2060"]
[Result "1-0"]
[Round "1"]
1.e4 c5
2.c3 Nb8c6
3.Bf1b5 a6
4.Bb5xc6 bxc6
5.d4 cxd4
6.cxd4 d6
7.Ng1e2 Qd8c7
8.O-O g6
9.Nb1c3 Bf8g7
10.Bc1e3 e5
11.Ra1c1 Bc8e6
12.d5 cxd5
13.Nc3xd5 Qc7b7
14.Nd5c7 Kd7
15.Nc7xa8 Qb7xa8
16.Qd1a4 Ke7
17.Rc1c7 Kf6
18.f4 exf4
19.Rf1xf4 { resign }
1-0

[Event "Tourn. n8679"]
[Site "www.chess-mail.com"]
[Date "2016.03.21"]
[Round "1"]
[White "Prize64"]
[Black "Malbertan"]
[WhiteElo "2280"]
[BlackElo "2110"]
[Result "1-0"]
[Round "1"]
1.e4 e5
2.Ng1f3 Nb8c6
3.Bf1b5 Ng8f6
4.O-O d6
5.d3 Bc8g4
6.c3 Bf8e7
7.Nb1d2 O-O
8.Rf1e1 a6
9.Bb5a4 b5
10.Ba4b3 Qd8d7
11.h3 Bg4xh3
12.gxh3 Qd7xh3
13.Nd2f1 Nf6g4
14.Nf3h2 Ng4xf2
15.Kxf2 Be7h4
16.Kg1 Bh4xe1
17.Qd1xe1 Qh3xd3
18.Bb3d5 Nc6e7
19.Bd5xa8 Rf8xa8
20.Qe1e3 Qd3xe3
21.Nf1xe3 Ne7g6
22.Ne3f5 Ng6f4
23.Bc1xf4 exf4
24.Nf5e7 Kf8
25.Ne7d5 { resign }
1-0

[Event "Tourn. n8613"]
[Site "www.chess-mail.com"]
[Date "2016.03.21"]
[Round "1"]
[White "Osopanda"]
[Black "Raven16"]
[WhiteElo "2030"]
[BlackElo "2190"]
[Result "0-1"]
[Round "1"]
1.c4 e5
2.Nb1c3 Ng8f6
3.e4 Nb8c6
4.Ng1e2 Bf8c5
5.Nc3d5 O-O
6.d3 Nc6d4
7.Bc1e3 c6
8.b4 cxd5
9.bxc5 dxe4
10.dxe4 Qd8a5
11.Qd1d2 Nd4c2
12.Kd1 Qa5xd2
13.Kxd2 Nc2xa1
14.Ne2c3 Rf8d8
15.f3 d6
16.cxd6 Rd8xd6
17.Nc3d5 Nf6xd5
18.cxd5 b6
19.Bf1c4 Na1c2
20.Kxc2 Bc8b7
21.Kb3 a6
22.a4 Kf8
23.Rh1b1 Rd6g6
24.g3 Ke7
25.Kc3 b5
26.axb5 axb5
27.Rb1xb5 Bb7a6
28.Rb5c5 Ba6xc4
29.Kxc4 Kd7
30.f4 Ra8a4
31.Kb5 Ra4xe4
32.Rc5c3 exf4
33.Be3xf4 Re4xf4
34.gxf4 Rg6f6
35.Rc3c4 Kd6
36.Rc4c6 Kxd5
{ resign }
0-1

[Event "Tourn. n8661"]
[Site "www.chess-mail.com"]
[Date "2016.03.21"]
[Round "1"]
[White "Bojan"]
[Black "Julian"]
[WhiteElo "2050"]
[BlackElo "2070"]
[Result "0-1"]
[Round "1"]
1.c4 c6
2.d4 d5
3.e3 Ng8f6
4.f3 g6
5.Nb1c3 Bf8g7
6.cxd5 cxd5
7.Qd1b3 Nb8c6
8.Bc1d2 O-O
9.Bf1d3 e5
10.dxe5 Nc6xe5
11.Bd3e2 Bc8e6
12.Nc3a4 b6
13.Be2a6 d4
14.Qb3a3 dxe3
15.Bd2xe3 Nf6d5
16.Ra1d1 Nd5xe3
17.Rd1xd8 Ne3c2
18.Kf1 Nc2xa3
19.Rd8xf8 Ra8xf8
20.bxa3 Be6c4
21.Ba6xc4 Ne5xc4
22.Ng1e2 Nc4xa3
23.Ne2c3 Rf8c8
24.Nc3d5 Rc8c1
{ resign }
0-1

[Event "Tourn. n8619"]
[Site "www.chess-mail.com"]
[Date "2016.03.21"]
[Round "1"]
[White "Elogic"]
[Black "Coraza"]
[WhiteElo "1860"]
[BlackElo "1680"]
[Result "1-0"]
[Round "1"]
1.e4 e5
2.Ng1f3 Nb8c6
3.Bf1c4 h6
4.O-O b6
5.Bc4d5 Ra8b8
6.Bd5xc6 dxc6
7.Nf3xe5 Bc8b7
8.Qd1h5 Qd8f6
9.d4 Bf8d6
10.f4 g6
11.Qh5e2 Bd6xe5
12.fxe5 Qf6e6
13.b3 Qe6d7
14.Bc1b2 h5
15.c4 Bb7a6
16.d5 Ba6b7
17.e6 fxe6
18.Bb2xh8 cxd5
19.exd5 Qd7e7
20.Qe2xe6 Qe7xe6
21.dxe6 Ng8h6
22.Bh8g7 Nh6f5
23.Bg7f6 Nf5e3
24.Rf1f2 Bb7c8
25.e7 Bc8b7
26.h3 Bb7e4
27.Nb1c3 Ne3f5
28.Nc3xe4 b5
29.c5 c6
30.Ne4d6 Kd7
31.Nd6xf5 gxf5
32.Rf2xf5 b4
33.Ra1f1 Rb8b5
34.Rf5xh5 a5
35.Rh5h8 Rb5xc5
36.e8Q Kc7
37.Qe8c8 { resign }
1-0

[Event "Match"]
[Site "www.echecsemail.com"]
[Date "2016.03.21"]
[Round "1"]
[White "Coventry"]
[Black "Krystek23"]
[WhiteElo "1790"]
[BlackElo "2230"]
[Result "0-1"]
[Round "1"]
1.d4 Ng8f6
2.c4 g6
3.g3 Bf8g7
4.Bf1g2 O-O
5.e4 d6
6.Ng1e2 Nb8d7
7.Nb1c3 c5
8.dxc5 Nd7xc5
9.O-O Bc8e6
10.b4 Nc5xe4
11.Bg2xe4 Nf6xe4
12.Nc3xe4 Bg7xa1
13.Bc1h6 Ba1g7
{ resign }
0-1

[Event "Match"]
[Site "www.echecsemail.com"]
[Date "2016.03.21"]
[Round "1"]
[White "Chapi"]
[Black "Ztornad"]
[WhiteElo "2070"]
[BlackElo "1750"]
[Result "1-0"]
[Round "1"]
1.d4 Ng8f6
2.c4 d5
3.cxd5 Qd8xd5
4.Nb1c3 Qd5d8
5.Ng1f3 Nb8c6
6.Bc1g5 h6
7.Bg5h4 e5
8.dxe5 Qd8xd1
9.Ra1xd1 Nf6g4
10.e3 g5
11.Bh4g3 Bc8d7
12.Bf1c4 Rh8h7
13.h4 gxh4
14.Bg3xh4 Bf8e7
15.Bh4xe7 Nc6xe7
16.Nc3b5 Ra8c8
17.Rh1h4 c6
18.Nb5d6 Kf8
19.Nd6xc8 Bd7xc8
20.Rd1d8 Kg7
21.Rd8e8 Ne7f5
22.Rh4xg4  { time }
1-0

[Event "Match"]
[Site "www.echecsemail.com"]
[Date "2016.03.21"]
[Round "1"]
[White "Genius7"]
[Black "Chtoubidou"]
[WhiteElo "1780"]
[BlackElo "1950"]
[Result "1-0"]
[Round "1"]
1.d4 d5
2.c4 Nb8c6
3.Nb1c3 dxc4
4.d5 Nc6e5
5.e4 e6
6.Bf1xc4 c6
7.Qd1d4 Ne5xc4
8.Qd4xc4 exd5
9.exd5 Ng8f6
10.dxc6 Qd8e7
11.Ng1e2 Bc8e6
12.Qc4a4 { resign }
1-0

[Event "Match"]
[Site "www.echecsemail.com"]
[Date "2016.03.21"]
[Round "1"]
[White "Umutkrc"]
[Black "Llord"]
[WhiteElo "1699"]
[BlackElo "1800"]
[Result "1-0"]
[Round "1"]
1.e3 e5
2.c3 Ng8f6
3.Ng1f3 e4
4.Nf3g5 Bf8e7
5.d3 exd3
6.Bf1xd3 Nf6d5
7.Ng5xf7 Kxf7
8.Bd3c4 c6
9.e4 b5
10.Bc4b3 Rh8e8
11.exd5 Kf8
12.Qd1f3 Be7f6
13.Kf1 Bc8a6
14.dxc6 Nb8xc6
15.Qf3d5 Re8e6
16.Nb1d2 Ba6b7
17.Qd5f5 Re6e5
18.Qf5xh7 Ke7
19.Nd2f3 Qd8e8
20.Nf3xe5 Nc6xe5
21.Bc1g5 Bf6xg5
22.Qh7xg7 Kd8
23.Qg7xg5 Kc8
24.Ra1e1 d6
25.f4 Qe8f8
26.Qg5g8 Qf8xg8
27.Bb3xg8 Ne5d3
28.Re1e8 Kc7
29.Re8xa8 Bb7xa8
30.f5 Kd7
31.Ke2 Nd3f4
32.Kd2 Ba8xg2
33.Rh1g1 Bg2d5
34.Rg1g7 Ke8
35.Bg8xd5 Nf4xd5
36.Rg7xa7 Kf8
37.Ra7d7 Nd5e7
38.Rd7xd6 Kf7
39.Rd6b6 Ne7xf5
40.Rb6xb5 { resign }
1-0

[Event "Match"]
[Site "www.echecsemail.com"]
[Date "2016.03.21"]
[Round "1"]
[White "Szustan"]
[Black "Manolinex"]
[WhiteElo "2690"]
[BlackElo "2870"]
[Result "0-1"]
[Round "1"]
1.e4 c5
2.c3 Ng8f6
3.e5 Nf6d5
4.d4 cxd4
5.cxd4 d6
6.Ng1f3 Nb8c6
7.Bf1c4 Nd5b6
8.Bc4b3 d5
9.h3 Bc8f5
10.O-O e6
11.Nb1c3 Bf8e7
12.a3 Qd8c7
13.Bc1f4 O-O
14.Ra1c1 a6
15.Nc3e2 Rf8c8
16.Qd1d2 Qc7d8
17.Rc1c3 Bf5g6
18.Rf1c1 h6
19.Nf3h2 Be7f8
20.Bf4g3 Nc6a5
21.Rc3xc8 Nb6xc8
22.Bb3a2 b5
23.Ne2f4 Bg6f5
24.Nh2f1 Na5c4
25.Qd2e2 Nc8e7
26.Nf1e3 Qd8b6
27.Rc1d1 Ra8c8
28.h4 Bf5h7
29.h5 Kh8
30.Ne3xc4 bxc4
31.Rd1d2 Ne7f5
32.Qe2d1 Nf5xd4
33.Rd2xd4 Qb6xb2
34.Rd4d2 Qb2xa3
35.Ba2b1 c3
36.Rd2e2 Qa3a1
37.Re2e1 Qa1xb1
38.Qd1xb1 Bh7xb1
39.Re1xb1 c2
40.Rb1c1 Bf8a3
41.Nf4d3 Ba3xc1
42.Nd3xc1 Rc8c4
43.Kf1 Rc4d4
{ resign }
0-1

[Event "Match"]
[Site "www.echecsemail.com"]
[Date "2016.03.21"]
[Round "1"]
[White "Carazo"]
[Black "Andregor"]
[WhiteElo "1820"]
[BlackElo "2480"]
[Result "0-1"]
[Round "1"]
1.e4 e6
2.Ng1f3 d5
3.e5 c5
4.Qd1e2 Nb8c6
5.Nb1c3 Ng8e7
6.g3 Ne7f5
7.Bf1h3 Nf5d4
8.Nf3xd4 cxd4
9.Nc3b5 a6
10.Nb5a3 Bf8c5
11.b3 Qd8a5
12.O-O Bc5xa3
13.d3 O-O
14.Bc1d2 Qa5c5
15.Bd2f4 Bc8d7
16.Bf4d2 Qc5xc2
17.Rf1d1 Ba3b2
18.Ra1b1 Bb2c3
19.Bh3f1 Qc2xa2
20.Bd2xc3 Qa2xe2
21.Bf1xe2 dxc3
22.Rd1c1 Nc6d4
23.Be2g4 c2
24.Rb1b2 Rf8c8
25.Kg2 Bd7b5
26.Bg4f3 a5
27.b4 a4
28.h4 Bb5xd3
29.g4 a3
30.Rb2a2 Nd4b3
31.Rc1a1 Nb3xa1
32.Ra2xa1 a2
{ resign }
0-1

[Event "1/16 Finale"]
[Site "www.chess-mail.com"]
[Date "2016.03.21"]
[Round "1"]
[White "Emiondi"]
[Black "Osopanda"]
[WhiteElo "2210"]
[BlackElo "2030"]
[Result "1-0"]
[Round "1"]
1.d4 d5
2.c4 e6
3.Ng1f3 Ng8f6
4.Nb1c3 c6
5.Bc1g5 Bf8e7
6.e3 O-O
7.Qd1c2 Nb8d7
8.Bf1d3 Rf8e8
9.O-O b6
10.h3 h6
11.Bg5f4 Nd7f8
12.cxd5 exd5
13.Nf3e5 Bc8b7
14.a4 a5
15.Bf4g3 Ra8c8
16.Bd3f5 Nf8e6
17.Bf5xe6 fxe6
18.Qc2g6 Re8f8
19.Ne5g4 Nf6xg4
20.Qg6xg4 Rf8f5
21.f4 c5
22.Rf1e1 Be7f6
23.Bg3f2 cxd4
24.exd4 Rc8c4
25.Nc3b5 Bb7a6
26.Re1xe6 Rf5xf4
27.Qg4xf4 Ba6xb5
28.axb5 Qd8c8
29.Ra1e1 Qc8d7
30.Qf4f5 Qd7xb5
31.Re6e8 { resign }
1-0

[Event "Eq:Los Tercios-Equipo Juan Diaz : "]
[Site "www.chess-mail.com"]
[Date "2016.03.21"]
[Round "1"]
[White "Yomismista"]
[Black "Julianlore"]
[WhiteElo "2669"]
[BlackElo "2700"]
[Result "0-1"]
[Round "1"]
1.d4 Ng8f6
2.c4 e6
3.Nb1c3 Bf8b4
4.Qd1c2 O-O
5.a3 Bb4xc3
6.Qc2xc3 b6
7.Bc1g5 Bc8b7
8.f3 h6
9.Bg5h4 d5
10.e3 Rf8e8
11.Ra1c1 Nb8d7
12.Bf1d3 c5
13.Ng1e2 cxd4
14.exd4 Ra8c8
15.Qc3b4 Bb7a6
16.O-O dxc4
17.Bd3xc4 Rc8xc4
18.Rc1xc4 g5
19.Bh4f2 Nf6d5
20.Qb4a4 Ba6xc4
21.Qa4xc4 Qd8e7
22.Rf1c1 Nd7f8
23.Ne2c3 Re8d8
24.Nc3xd5 Rd8xd5
25.Qc4d3 Qe7d7
26.Qd3e4 Nf8g6
27.Rc1c4 Qd7b5
28.Qe4c2 Rd5d7
29.Rc4c8 { time. }
0-1

[Event "Eq:chibcha-Royal chess : "]
[Site "www.chess-mail.com"]
[Date "2016.03.21"]
[Round "1"]
[White "Osmundw"]
[Black "Carazo"]
[WhiteElo "1390"]
[BlackElo "1830"]
[Result "0-1"]
[Round "1"]
1.d4 d5
2.Bc1g5 h6
3.Bg5e3 Ng8f6
4.g3 b6
5.Bf1g2 Nb8c6
6.Nb1c3 Bc8f5
7.Be3f4 g5
8.Bg2xd5 Nf6xd5
9.Bf4e5 f6
10.Nc3xd5 Qd8xd5
11.c3 Qd5xh1
12.Kf1 Qh1xh2
13.Qd1d2 Bf5h3
14.Ng1xh3 Qh2h1
15.Nh3g1 fxe5
16.f4 Qh1h2
17.fxe5 Qh2xg3
18.a3 O-O-O
19.e3 h5
20.b4 Rh8h7
21.c4 Rh7f7
22.Ng1f3 Rf7xf3
23.Ke2 Rf3f2
24.Kd3 Rf2xd2
25.Kxd2 Bf8h6
26.b5 Nc6a5
27.Kd3 g4
28.Ra1a2 Qg3xe3
29.Kc2 Rd8xd4
30.Kb2 Rd4d2
31.Kc1 Qe3e1
{ resign }
0-1

[Event "Fast Game"]
[Site "www.echecsemail.com"]
[Date "2016.03.21"]
[Round "1"]
[White "Hennie4820"]
[Black "Elogic"]
[WhiteElo "1770"]
[BlackElo "1650"]
[Result "0-1"]
[Round "1"]
1.e4 e5
2.Ng1f3 Nb8c6
3.Bf1c4 Bf8c5
4.d4 Bc5xd4
5.Nf3xd4 Nc6xd4
6.f4 exf4
7.Qd1xd4 Qd8h4
8.Qd4f2 Qh4xf2
9.Kxf2 g5
10.g3 fxg3
11.hxg3 Ng8f6
12.Bc1xg5 Nf6xe4
13.Kg2 Ne4xg5
14.Nb1c3 b5
15.Rh1e1 Ng5e6
16.Bc4xb5 O-O
17.Kf2 c6
18.Bb5d3 d5
19.Re1h1 Ne6g5
20.Nc3e2 Bc8g4
21.Ne2f4 Ng5e4
22.Bd3xe4 dxe4
 { time }
0-1

[Event "Fast Game"]
[Site "www.echecsemail.com"]
[Date "2016.03.21"]
[Round "1"]
[White "Pellix84"]
[Black "Cal"]
[WhiteElo "1590"]
[BlackElo "1550"]
[Result "1-0"]
[Round "1"]
1.d4 d5
2.c4 dxc4
3.e4 e6
4.Bf1xc4 h6
5.Ng1f3 Bf8b4
6.Bc1d2 Bb4xd2
7.Nb1xd2 Bc8d7
8.Qd1b3 Qd8c8
9.O-O Nb8c6
10.Rf1e1 Ng8f6
11.d5 exd5
12.exd5 Nc6e7
13.d6 cxd6
14.Bc4xf7 Kd8
15.Ra1c1 Bd7c6
16.Nd2c4 Qc8d7
17.Bf7e6 Qd7c7
18.Re1d1 d5
19.Nc4e5 Qc7xe5
20.Nf3xe5 Nf6e4
21.Ne5f7 Kc7
22.Be6xd5 Ne4f6
23.Bd5xc6 Ne7xc6
24.Nf7xh8 Ra8xh8
25.Qb3f7 Kb6
26.Qf7xg7 Rh8c8
27.Qg7xf6 h5
28.Rd1d6 a6
29.Qf6d4 Kc7
30.Qd4e5 Kb6
31.b4 Ka7
32.Qe5c5 Kb8
33.Qc5b6 h4
34.Rd6xc6 Rc8xc6
35.Rc1xc6 { resign }
1-0

[Event "Tourn. n8661"]
[Site "www.chess-mail.com"]
[Date "2016.03.22"]
[Round "1"]
[White "Bojan"]
[Black "Ffdd65"]
[WhiteElo "2050"]
[BlackElo "2220"]
[Result "0-1"]
[Round "1"]
1.c4 e5
2.Nb1c3 g6
3.e4 d6
4.d4 Bf8g7
5.d5 Ng8f6
6.h3 O-O
7.Bf1d3 Nb8d7
8.b4 b6
9.Ng1f3 a5
10.Bc1a3 Bc8b7
11.Qd1d2 axb4
12.Ba3xb4 Nd7b8
13.Nc3e2 Nb8a6
14.Bb4c3 Na6c5
15.Bd3c2 Nf6xe4
16.Qd2e3 Ne4xc3
17.Ne2xc3 Bb7a6
18.Nf3d2 Bg7f6
19.Nc3e4 Nc5xe4
20.Bc2xe4 Bf6g5
21.Qe3e2 Bg5xd2
22.Kxd2 Qd8g5
23.Kd3 f5
24.g4 fxe4
25.Qe2xe4 Rf8xf2
26.Rh1d1 Ba6xc4
27.Qe4xc4 Ra8a3
{ resign }
0-1

[Event "Tourn. n8504"]
[Site "www.chess-mail.com"]
[Date "2016.03.22"]
[Round "1"]
[White "Genius7"]
[Black "Huw"]
[WhiteElo "2020"]
[BlackElo "2160"]
[Result "0-1"]
[Round "1"]
1.c4 e5
2.Nb1c3 Nb8c6
3.Ng1f3 Ng8f6
4.d4 exd4
5.Nf3xd4 Bf8b4
6.Nd4xc6 Bb4xc3
7.bxc3 bxc6
8.Ra1b1 O-O
9.e3 d6
10.Bf1d3 Bc8e6
11.O-O c5
12.Qd1c2 Ra8b8
13.Rb1b5 a6
14.Rb5b3 Qd8d7
15.Bc1d2 Rb8b6
16.Rf1b1 Rf8b8
17.Rb3xb6 cxb6
18.e4 h6
19.Bd2e3 Nf6g4
20.Be3f4 Ng4e5
21.Qc2e2 Be6g4
22.f3 Bg4e6
23.Bf4xe5 dxe5
24.Qe2c2 Rb8d8
25.Bd3f1 Qd7c6
26.Rb1d1 Rd8xd1
27.Qc2xd1 Kh7
28.Qd1b3 Qc6d6
29.h3 b5
30.a4 bxa4
31.Qb3xa4 h5
32.Qa4a3 Qd6b6
33.Qa3a2 g5
34.Qa2d2 Kg6
35.Qd2c2 a5
36.Qc2a2 h4
37.Bf1d3 Qb6a6
38.Qa2a4 Kf6
39.Kh2 Ke7
40.Kh1 Be6d7
41.Qa4a3 Kd6
42.Kg1 a4
43.Kf2 Bd7e6
44.Bd3c2 Qa6xc4
45.Bc2xa4 Qc4a6
46.Qa3a1 Be6b3
{ resign }
0-1

[Event "Tourn. n8585"]
[Site "www.chess-mail.com"]
[Date "2016.03.22"]
[Round "1"]
[White "Hundegana"]
[Black "Leeds"]
[WhiteElo "1890"]
[BlackElo "1810"]
[Result "1-0"]
[Round "1"]
1.d4 d5
2.g3 Ng8f6
3.Bf1g2 c6
4.Ng1f3 g6
5.O-O Bf8g7
6.c3 Bc8f5
7.Nb1d2 Nf6e4
8.Nd2xe4 Bf5xe4
9.Nf3g5 Be4f5
10.e4 Bf5xe4
11.Ng5xe4 dxe4
12.Bg2xe4 O-O
13.Bc1f4 Nb8d7
14.Rf1e1 Nd7f6
15.Be4c2 Nf6d5
16.Bf4d2 Nd5b6
17.b3 e6
18.Kg2 Qd8d7
19.Qd1f3 Ra8d8
20.Ra1d1 Qd7d5
21.Qf3xd5 cxd5
22.f4 Rd8c8
23.Rd1c1 Rf8d8
24.h4 Rc8c7
25.Bc2d3 Rd8c8
26.Kf3 h5
27.g4 hxg4
28.Kxg4 Kf8
29.h5 gxh5
30.Kxh5 Bg7f6
31.Kg4 Ke7
32.Re1h1 Rc8h8
33.Rh1xh8 Bf6xh8
34.Rc1h1 Bh8f6
35.f5 Rc7c8
36.fxe6 Rc8g8
37.Kf3 fxe6
38.Rh1h7 Rg8g7
39.Rh7xg7 Bf6xg7
40.Bd2g5 Kd7
41.Kg4 Kd6
42.Kh5 e5
43.Kg6 exd4
44.Kxg7 dxc3
45.Bg5f6 Kc5
46.Bf6xc3 { resign }
1-0

[Event "Tourn. n8650"]
[Site "www.chess-mail.com"]
[Date "2016.03.22"]
[Round "1"]
[White "Geretree"]
[Black "Elogic"]
[WhiteElo "1930"]
[BlackElo "1900"]
[Result "0-1"]
[Round "1"]
1.e4 e5
2.Ng1f3 Ng8f6
3.Nb1c3 Nb8c6
4.Bf1c4 Bf8c5
5.d3 d6
6.Bc1g5 Bc8g4
7.Nc3d5 h6
8.Bg5xf6 gxf6
9.h3 Bg4xf3
10.Qd1xf3 Nc6d4
11.Qf3d1 b5
12.b4 bxc4
13.bxc5 dxc5
14.dxc4 c6
15.Nd5e3 Qd8a5
16.Qd1d2 Qa5a4
17.O-O O-O-O
18.Qd2c3 Nd4e2
{ resign }
0-1

[Event "Tourn. n8648"]
[Site "www.chess-mail.com"]
[Date "2016.03.22"]
[Round "1"]
[White "Hundegana"]
[Black "Cal"]
[WhiteElo "1900"]
[BlackElo "1740"]
[Result "1-0"]
[Round "1"]
1.f4 d5
2.e3 a6
3.g4 h6
4.Nb1c3 e6
5.h4 e5
6.f5 Ng8f6
7.Bf1g2 Bf8c5
8.Qd1f3 Qd8d6
9.Nc3xd5 O-O
10.Ng1e2 c6
11.Nd5xf6 Qd6xf6
12.c3 Nb8d7
13.g5 hxg5
14.hxg5 Qf6xg5
15.Qf3h3 f6
16.Qh3h7 Kf7
17.Qh7h5 g6
18.fxg6 Qg5xg6
19.Qh5xg6 Kxg6
20.d4 exd4
21.cxd4 Bc5b4
22.Bc1d2 Bb4xd2
23.Kxd2 b5
24.Bg2xc6 Nd7b6
25.Ra1g1 Kf5
26.Rh1h5 Ke6
27.Ne2f4 Kd6
28.Bc6xa8 Bc8d7
29.Ba8f3 Nb6c4
30.Ke2 Nc4xb2
31.Rh5d5 Ke7
32.Nf4g6 Ke8
33.Ng6xf8 Kxf8
34.Rd5xd7 a5
35.Rg1g7 b4
36.Bf3d5 Ke8
37.Rd7a7 Kf8
38.Rg7g8 { resign }
1-0

[Event "Tourn. n8682"]
[Site "www.chess-mail.com"]
[Date "2016.03.22"]
[Round "1"]
[White "Daquata"]
[Black "Cal"]
[WhiteElo "1590"]
[BlackElo "1670"]
[Result "1-0"]
[Round "1"]
1.e4 e5
2.Ng1f3 d6
3.d4 exd4
4.Nf3xd4 c5
5.Bf1b5 Bc8d7
6.Bb5xd7 Qd8xd7
7.Nd4f5 Ng8f6
8.Nb1c3 h6
9.Bc1f4 Nf6xe4
10.Nc3xe4 Qd7xf5
11.Qd1f3 Bf8e7
12.O-O-O O-O
13.Ne4xd6 Be7xd6
14.Rd1xd6 Nb8a6
15.Qf3g3 Na6b4
16.Rd6d2 Nb4xa2
17.Kb1 Qf5e6
18.b3 Na2c3
19.Qg3xc3 b6
20.Rh1d1 a5
21.Rd2d6 Ra8c8
22.Rd6xe6 fxe6
23.Qc3g3 Kh7
24.Rd1d7 Rf8g8
25.Bf4e5 b5
26.Rd7xg7 Rg8xg7
27.Qg3xg7 { resign }
1-0

[Event "Tourn. n8696"]
[Site "www.chess-mail.com"]
[Date "2016.03.22"]
[Round "1"]
[White "Daquata"]
[Black "Chessexpert"]
[WhiteElo "1630"]
[BlackElo "1440"]
[Result "0-1"]
[Round "1"]
1.e4 e5
2.Ng1f3 f5
3.exf5 e4
4.Nf3d4 Ng8f6
5.d3 d5
6.Nb1c3 Bf8b4
7.Bc1d2 Bb4xc3
8.Bd2xc3 O-O
9.Bf1e2 c5
{ resign }
0-1

[Event "Tourn. n8649"]
[Site "www.chess-mail.com"]
[Date "2016.03.22"]
[Round "1"]
[White "Comrade"]
[Black "Julian"]
[WhiteElo "2110"]
[BlackElo "2100"]
[Result "1-0"]
[Round "1"]
1.c4 e5
2.Nb1c3 c6
3.Ng1f3 d6
4.d4 Qd8c7
5.Bc1g5 h6
6.Bg5h4 Bc8e6
7.Ra1c1 Bf8e7
8.Bh4g3 Nb8d7
9.e4 Ng8f6
10.Bf1e2 O-O
11.O-O Ra8d8
12.Qd1c2 exd4
13.Nf3xd4 Nd7c5
14.f3 Nc5d7
15.f4 Rf8e8
16.f5 Nd7e5
17.fxe6 Qc7b6
18.Bg3f2 c5
19.exf7 Kxf7
20.Nc3d5 Nf6xd5
21.exd5 cxd4
22.Bf2xd4 Be7f6
23.Bd4xb6 axb6
24.Qc2f5 Kg8
25.Be2d3 Ne5xd3
26.Qf5xd3 Re8e5
27.Rc1e1 Rd8e8
28.Re1xe5 Bf6xe5
29.Qd3f5 Be5d4
30.Kh1 { resign }
1-0